00317nam a2200121Ia 4500008004100000100001800041245007500059260001200134260001100146260000900157300000700166650002200173160109s9999 xx 000 0 und d10aPerera,P.S.D. aConstruction of a Dye Sensitized Semiconductor Based Photovaltaic Cell aColombo bIchemc c2014 a26 aPhotovaltaic Cell